000 01392cam a2200397 4500
001 8097
003 FISKH
005 20250822152020.0
008 711215s1971 nyua j 000 0 eng
010 _a 76134856
020 _a0803757115 :
020 _a9780140546620
020 _a9780803757110
035 _a3182047
040 _aDLC
_beng
_cDLC
_dDLC
050 0 0 _aPZ9.F3
_bMo
051 _aPZ9.F3
_bMo Copy 2
_cJuv Coll.
082 0 0 _a390/.0967
100 1 _aFeelings, Muriel L.
245 1 0 _aMoja means one :
_bSwahili counting book /
_cby Muriel Feelings. Pictures by Tom Feelings.
260 _aNew York,
_bDial Press
_c1971
300 _a32 unnumbered pages :
_bcolor illustrations ;
_c24 x 27 cm.
336 _atext
_btxt
_2rdacontent
337 _aunmediated
_bn
_2rdamedia
338 _avolume
_bnc
_2rdacarrier
505 _aNP
520 _aThe numbers one through ten in Swahili accompany two-page illustrations of various aspects of East African life.
650 1 _aCounting.
651 0 _aAfrica, Eastern
_xSocial life and customs
_vJuvenile literature.
651 0 _aAfrica, East
_xSocial life and customs
_vJuvenile literature.
655 7 _aLiterature.
_2lcgft
_0https://id.loc.gov/authorities/genreForms/gf2014026415
700 1 _aFeelings, Tom,
_eillustrator
906 _a7
_bcbc
_corignew
_d2
_encip
_f19
_gy-gencatlg
942 _2ddc
_cBK
_n0
999 _c8097
_d8097